Movies Quiz

Random Movies or Minefield Quiz

Movies Bunker II Quiz Stats

 Plays Quiz Updated Aug 25, 2015

Also try: Movies Bunker
Challenge
Share
Tweet
Embed
Score 0/15 Timer 06:00
20 Plays Today
Question Answer % Correct
????
100%
????
97.6%
????
92.4%
????
82.4%
????
76.3%
????
70.4%
????
62.6%
????
56.6%
Question Answer % Correct
????
55.1%
????
40.3%
????
20.2%
????
15.9%
????
10.7%
????
6.8%
????
4.4%

You're not logged in!

Compare scores with friends on all Sporcle quizzes.
OR
Log In

You Might Also Like...

Show Comments

Extras

Top Quizzes Today


Score Distribution

Your Account Isn't Verified!

In order to create a playlist on Sporcle, you need to verify the email address you used during registration. Go to your Sporcle Settings to finish the process.

Report this User

Report this user for behavior that violates our Community Guidelines.

Details: